MARC details
| 000 -LEADER |
| fixed length control field |
01163cam a2200289Ia 45 0 |
| 001 - CONTROL NUMBER |
| control field |
u41052 |
| 003 - CONTROL NUMBER IDENTIFIER |
| control field |
SIRSI |
| 008 - FIXED-LENGTH DATA ELEMENTS--GENERAL INFORMATION |
| fixed length control field |
090514s2004 ua a 000 0 eng d |
| 040 ## - CATALOGING SOURCE |
| Original cataloging agency |
EAL |
| 041 ## - LANGUAGE CODE |
| Language code of text/sound track or separate title |
eng |
| Language code of summary or abstract |
ara |
| 090 ## - LOCALLY ASSIGNED LC-TYPE CALL NUMBER (OCLC); LOCAL CALL NUMBER (RLIN) |
| Classification number (OCLC) (R) ; Classification number, CALL (RLIN) (NR) |
CD-963 |
| 100 1# - MAIN ENTRY--PERSONAL NAME |
| Personal name |
Gameel, Salah Mahmoud Mohamed. |
| 245 10 - TITLE STATEMENT |
| Title |
Eco-biological studies on the black melon bug, Coridius (Aspongopus ) viduatus F. (Hemiptera: Pentatomidae) in the new valley |
| Medium |
[computer file]/ |
| Statement of responsibility, etc. |
Salah Mahmoud Mohamed Gameel. |
| 246 15 - VARYING FORM OF TITLE |
| Title proper/short title |
دراسات ايكوبيولوجية على حشرة بق أوراق البطيخ فى الوادى الجديد. |
| 260 ## - PUBLICATION, DISTRIBUTION, ETC. |
| Date of publication, distribution, etc. |
2004. |
| 300 ## - PHYSICAL DESCRIPTION |
| Extent |
Computer laser optical disks; |
| Dimensions |
4 3/4 in. |
| 502 ## - DISSERTATION NOTE |
| Dissertation note |
Thesis (Ph.D.) --Assiut University, 2004. |
| 504 ## - BIBLIOGRAPHY, ETC. NOTE |
| Bibliography, etc. note |
Includes bibliographical refrences (leaves 167-194). |
| 538 ## - SYSTEM DETAILS NOTE |
| System details note |
Systems requirments:Adobe Reader. |
| 546 ## - LANGUAGE NOTE |
| Language note |
Summary in Arabic. |
| 596 ## - |
| -- |
1 |
| 650 #0 - SUBJECT ADDED ENTRY--TOPICAL TERM |
| Topical term or geographic name entry element |
Hemiptera |
| Geographic subdivision |
Egypt. |
| 650 #0 - SUBJECT ADDED ENTRY--TOPICAL TERM |
| Topical term or geographic name entry element |
Cucurbitaceae |
| General subdivision |
Diseases and pests. |
| 650 #0 - SUBJECT ADDED ENTRY--TOPICAL TERM |
| Topical term or geographic name entry element |
Watermelon |
| General subdivision |
Disease and pest resistance. |
| 856 40 - ELECTRONIC LOCATION AND ACCESS |
| Uniform Resource Identifier |
<a href="http://nile.enal.sci.eg/thesis/963.pdf">http://nile.enal.sci.eg/thesis/963.pdf</a> |
| Public note |
Content & Abstract. |
| 942 ## - ADDED ENTRY ELEMENTS (KOHA) |
| Koha item type |
E-Thesis |
| Source of classification or shelving scheme |
Library of Congress Classification |